Escape at midnight and other stories

Gespeichert in:
Bibliographische Detailangaben
1. Verfasser: Buck, Pearl S.
Format: Buch
Sprache:Undetermined
Veröffentlicht: Hong Kong, China Dragonfly Books 1963
Schlagworte:
Tags: Tag hinzufügen
Keine Tags, Fügen Sie den ersten Tag hinzu!

MARC

LEADER 00000nam a2200000Ia 4500
008 170316s9999 xx 000 0 und d
999 |c 5455  |d 5455 
040 |a cru BVZT 
090 |a 810 B-25e 
100 |a Buck, Pearl S. 
245 |a Escape at midnight and other stories  |c / Pearl S. Buck 
260 |a Hong Kong, China  |b Dragonfly Books  |c 1963 
300 |a 217 páginas 
650 |a LITERATURA ESTADOUNIDENSE  |9 25 
650 |a NOVELA  |9 13 
942 |c 15 D  |h 810 B-25e  |2 z